000 00439nam a2200169Ia 4500
008 230524s9999 xx 000 0 und d
020 _a9789386418395
082 _a621.3
_bWAD
100 _aC.L.Wadhwa
245 0 _aGeneration Distribution and Utilization of Electrical Energy
250 _a4
260 _aNew Delhi
_bNew Age
_c2018
300 _a"xvii,481p;"
500 _aQuantity Number: 5
650 _aElectrical
942 _cBK
999 _c59448
_d59448